000 00907nas a2200301 4500
001 BR2013008707
003 BR-BrBNA
005 20231205123154.0
007 ta
008 230509b bl.|||p| |||| 00| 00por d
040 _aBR-BrBNA
_bpor
_cBiblioteca Nacional de Agricultura
041 _a(Pt)
072 _aM12; L53; L10
100 1 _anakayama, C.L.
100 1 _aSampaio, L.A.
100 1 _aRobaldo, R.B.
245 1 _aReprodução induzida para papa-terra Menticirrhus americanus (Pisces: Sciaenidae)utilizando hCG
650 _aPISCICULTURA
650 _aBETARA
650 _aREPRODUÇÃO ANIMAL
650 _aLARVA
650 _aMATURAÇÃO
650 _aHORMÔNIO ANIMAL
650 _aINSEMINAÇÃO ARTIFICIAL
773 0 _tAtlântica (Brazil)
_xISSN 0102-1656
_g(Jan-Jun 2012), v. 34(1) p. 53-56
_wBR2013008707
909 _a202311
_bLúcia
_c55
_dLúcia Elande
942 _2AGRIS
_n0
_cANA
999 _c232524
_d232524